Vega - hvězda z bodláků : příběh party lidí, pro které handicap není překážkou : 1986-2005 /

Hlavní autor: Šulista, Petr, 1949-
Korporativní autor: Centrum sociální pomoci Litoměřice
Další autoři: Domov sociální péče Skalice
Jazyk: Čeština
Vydáno: České Budějovice : Studio Gabreta, 2008
Vydání: Vyd. 1.
Témata:
Externí odkaz: Digitalizovaný dokument
Fyzický popis: 94 s. : il. (převážně barev.), portréty ; 24 cm
Knihy
Uloženo v:
LEADER 02567nam a2200601 a 4500
001 nkc20081817025
003 CZ PrNK
005 20081110094107.0
007 ta
008 080905s2008 xr ac e f 000 0dcze
015 |a cnb001817025 
020 |a 978-80-86610-35-1  |q (brož.) 
035 |a (OCoLC)259738045 
040 |a ABA001  |b cze  |d BOA001 
043 |a e-xr---  |b e-xr-us  |2 czenas 
045 |a x8y0 
072 7 |a 78.07  |x Hudebníci, skladatelé a jiná hudební povolání  |2 Konspekt  |9 9 
080 |a 785.16.071  |2 MRF 
080 |a 78.071.1/.2  |2 MRF 
080 |a 316.344.6-056.36  |2 MRF 
080 |a 364-786  |2 MRF 
080 |a (437.315)  |2 MRF 
080 |a (036)  |2 MRF 
100 1 |a Šulista, Petr,  |d 1949-  |7 xx0013743  |4 aut 
245 1 0 |a Vega - hvězda z bodláků :  |b příběh party lidí, pro které handicap není překážkou : 1986-2005 /  |c Petr Šulista 
250 |a Vyd. 1. 
260 |a České Budějovice :  |b Studio Gabreta,  |c 2008 
300 |a 94 s. :  |b il. (převážně barev.), portréty ;  |c 24 cm 
500 |a Vydáno ve spolupráci s Centrem sociální pomoci Litoměřice, p.o. KÚ Ústeckého kraje a Domovem sociální péče Skalice, pošta Litoměřice 
500 |a 1000 výt. 
610 2 7 |a Vega (hudební skupina)  |7 mzk2008451571  |2 czenas 
610 2 7 |a Domov sociální péče Skalice  |7 kn20080905010  |2 czenas 
648 4 |a 1986-2005 
650 0 7 |a hudební skupiny  |7 ph120924  |z Česko  |2 czenas 
650 0 7 |a rockoví hudebníci  |7 ph125178  |z Česko  |y 20.-21. století  |2 czenas 
650 0 7 |a osoby s mentálním postižením  |7 ph115263  |z Česko  |2 czenas 
650 0 7 |a sociální integrace  |7 ph125789  |z Česko  |2 czenas 
650 0 9 |a musical groups  |z Czechia  |2 eczenas 
650 0 9 |a rock musicians  |z Czechia  |y 20th-21st centuries  |2 eczenas 
650 0 9 |a people with mental disabilities  |z Czechia  |2 eczenas 
650 0 9 |a social integration  |z Czechia  |2 eczenas 
651 7 |a Skalice (Žitenice, Česko)  |7 ge362882  |2 czenas 
651 9 |a Skalice (Žitenice, Czechia)  |2 eczenas 
655 7 |a informační publikace  |7 fd132454  |2 czenas 
655 9 |a information publications  |2 eczenas 
710 2 |a Centrum sociální pomoci Litoměřice  |7 ko2008467757 
710 2 |a Domov sociální péče Skalice  |7 kn20080905010 
856 4 1 |u http://www.digitalniknihovna.cz/mzk/uuid/uuid:420797e0-609e-11e3-ae59-005056827e52  |y Digitalizovaný dokument  |x NDK 
910 2 |a BOA001  |b 2-1210.165 
990 |a BK 
995 |a 01 
991 |b 200809  |c NOV 
996 6 |b 2610352956  |c 2-1210.165  |l MZK  |r Sklad / do 1 hodiny  |n 3  |p p.v.  |w 000909607  |u 000010  |a 1  |e BOA001  |j MZK50  |s P